| 000 | 00771nam a2200241Ia 4500 | ||
|---|---|---|---|
| 003 | OSt | ||
| 005 | 20220930192912.0 | ||
| 006 | a|||||r|||| 00| 0 | ||
| 007 | ta | ||
| 008 | 220926b |||||||| |||| 00| 0 eng d | ||
| 024 | _a10786 | ||
| 037 | _cDissertations | ||
| 040 |
_aCRL _cCRL _beng |
||
| 041 |
_2eng _aeng |
||
| 100 |
_aKalra R.K. _9561725 |
||
| 110 |
_aUniversity of Delhi. Faculty of Science. Department of Anaesthesiology _9561726 |
||
| 245 | 0 | _aEvaluation of oral ketamine as a preanesthetic medication inpaediatric srugical patients | |
| 260 | _c1996 | ||
| 650 |
_aANESTHETICS _9519569 |
||
| 700 |
_aUniversity of Delhi. Faculty of Science. Department of Anaesthesiology _9561727 |
||
| 942 |
_cDIS _2CC |
||
| 999 |
_c895778 _d895778 |
||